صناعة التأمين في مصر عبر قرن ونصف / (Record no. 25872)
[ view plain ]
| 000 -الفاتح | |
|---|---|
| حقل البيانات ثابتة الطول | 00714nam a22002055a 4500 |
| 003 - محدد رقم الضبط | |
| رقم الضبط | OSt |
| 005 - وقت وتاريخ اخر تعامل مع التسجيلة | |
| رقم الضبط | 20180106104242.0 |
| 008 - عناصر البيانات ثابتة الطول - معلومات عامة | |
| حقل البيانات ثابتة الطول | 180106s2014 ua a grb 000 0 ara d |
| 040 ## - مصدر الفهرسة | |
| وكالة الفهرسة الأصلية | EG-ScBUE |
| لغة الفهرسة | ara |
| وكالة النسخ | EG-ScBUE |
| 043 ## - رمز المنطقة الجغرافية | |
| رمز المنطقة الجغرافية | f-ua--- |
| 082 04 - رقم تصنيف ديوى العشرى | |
| رقم التصنيف | 368.962 |
| رقم المادة | ص ن ا |
| رقم الطبعة | 22 |
| 110 2# - المدخل الرئيسى - إسم هيئة | |
| اسم الهيئة أو اسم السلطة كمدخل | الاتحاد المصري للتأمين. |
| 245 10 - بيان العنوان | |
| العنوان | صناعة التأمين في مصر عبر قرن ونصف / |
| بيان المسئوليه,etc | الاتحاد المصري للتأمين. |
| 260 ## - PUBLICATION, DISTRIBUTION, ETC. (IMPRINT) | |
| مكان الناشر او الموزع | الجيزة : |
| اسم الناشر او الموزع | الاتحاد المصري للتأمين، |
| تاريخ النشر أو التوزيع | 2014. |
| 300 ## - الوصف المادى | |
| التعداد | 399 ص. : |
| تفاصيل ماديه اخرى للوعاء | إيض. (لو.) ؛ |
| أبعاد الوعاء | 24 سم. |
| 650 #7 - المدخل الاضافى بالموضوع-مصطلح موضوعى | |
| مصطلح موضوعي أو اسم جغرافي كعنصر مدخل | التأمين |
| التقسيم الفرعي الجغرافي | مصر |
| التقسيم الفرعي العام | تاريخ. |
| مصدر الرأس أو المصطلح | BUEsh |
| 651 ## - المدخل الاضافى بالموضوع - اسم جغرافى | |
| مصدر الرأس أو المصطلح | BUEsh |
| 653 ## - مصطلح تكشيفى غير مقيد | |
| Resource For college | Generalities |
| Arrived date list | January2018 |
| 942 ## - عناصر المدخل الإضافي( كوها) | |
| مصدر التصنيف او مخطط الترفيف | Dewey Decimal Classification |
| حالة التراجع | حالة الفقد | مصدر التصنيف او خطة الترفيف | حالة تلف | ليس للاعارة | مجموعات كوها | المكان الدائم | المكان الحالي | موقع الترفيف | تاريخ الاكتساب | Source of acquisition | رقم الاستدعاء | الباركود | Date last seen | نوع الوعاء |
|---|---|---|---|---|---|---|---|---|---|---|---|---|---|---|
| Dewey Decimal Classification | Donation-Gift | Central Library | Central Library | First floor | 06/01/2018 | Donation | 368.962 ص ن ا | 000042786 | 15/07/2025 | Book - Borrowing | ||||
| Dewey Decimal Classification | Donation-Gift | Central Library | Central Library | First floor | 06/01/2018 | Donation | 368.962 ص ن ا | 000042787 | 15/07/2025 | Book - Borrowing | ||||
| Dewey Decimal Classification | Donation-Gift | Central Library | Central Library | First floor | 06/01/2018 | Donation | 368.962 ص ن ا | 000042788 | 15/07/2025 | Book - Borrowing |